[Event "Druzynowe Mistrzostw Polski Juniorow - II Liga"]
[Site "Wroclaw"]
[Date "1899-12-30"]
[Round "10.93"]
[White "Oberc, Szymon"]
[Black "Rzasa, Mateusz"]
[Result "1/2-1/2"]
[WhiteTitle "II"]
[BlackTitle "II"]
[WhiteElo "1107"]
[BlackElo "1034"]

1. e4 c6 2. d4 d5 3. exd5 cxd5 4. Bd3 Nc6 5. c3 Nf6 6. Bf4 g6 7. Nd2 Bg7 8. Ngf3
Bf5 9. Bxf5 gxf5 10. Qb3 Qd7 11. O-O-O Ne4 12. Rhf1 O-O-O 13. Rde1 Rhg8 14. Nxe4
fxe4 15. Nd2 e5 16. dxe5 Bxe5 17. Bg3 Bxg3 18. hxg3 Ne5 19. Kb1 f5 20. Qa3 Kb8
21. Nb3 Nd3 22. Nc5 Nxc5 23. Qxc5 Qd6 24. Qxd6+ Rxd6 25. Rh1 Rd7 26. Rh4 Rg4 27.
Reh1 Rxh4 28. Rxh4 Kc7 29. Kc2 Rf7 30. Kd2 Kc6 31. Ke3 Kc5 32. b3 a5 1/2-1/2

[Event "Druzynowe Mistrzostw Polski Juniorow - II Liga"]
[Site "Wroclaw"]
[Date "1899-12-30"]
[Round "10.95"]
[White "Niedorys, Karolina"]
[Black "Pietrzak, Emilia"]
[Result "1-0"]
[WhiteTitle "I+"]
[BlackTitle "I+"]
[WhiteElo "1495"]
[BlackElo "1374"]

1. e4 c5 2. Nf3 e6 3. d4 cxd4 4. Nxd4 Nf6 5. Nc3 d6 6. Nb3 a6 7. g4 b5 8. a3 Bb7
9. Bg2 Be7 10. g5 Nfd7 11. f4 Nb6 12. Qe2 d5 13. Be3 dxe4 14. Bxb6 Qxb6 15. Bxe4
Nd7 16. O-O-O Nc5 17. Nxc5 Bxc5 18. Bxb7 Qxb7 19. f5 Qe7 20. Qg2 O-O 21. f6 Qc7
22. fxg7 Rfc8 23. Ne4 b4 24. Nf6+ Kxg7 25. Qe4 bxa3 26. Qxh7+ Kf8 27. Rd7 Be3+
28. Kb1 Qxc2+ 29. Qxc2 Rxc2 30. Kxc2 axb2 31. Kxb2 1-0

[Event "Druzynowe Mistrzostw Polski Juniorow - II Liga"]
[Site "Wroclaw"]
[Date "1899-12-30"]
[Round "10.96"]
[White "Opalka, Marta"]
[Black "Mansz, Martyna"]
[Result "1/2-1/2"]
[WhiteTitle "I"]
[BlackTitle "I"]
[WhiteElo "1249"]
[BlackElo "1226"]

1. Nf3 d5 2. c4 d4 3. b4 c5 4. e3 f6 5. Be2 e5 6. d3 Bd6 7. Nbd2 Nc6 8. b5 Na5
9. O-O Ne7 10. Ne4 O-O 11. Qa4 Bc7 12. Nxc5 b6 13. Nb3 Nb7 14. Ba3 Bd6 15. c5
bxc5 16. Qc4+ Kh8 17. Bxc5 Bxc5 18. Nxc5 Nd6 19. Qb3 Rb8 20. a4 a6 21. Ne6 Bxe6
22. Qxe6 axb5 23. Rfb1 Re8 24. a5 Nc6 25. Qd5 Ne7 26. Qb3 Nc6 27. a6 Na7 28. Ne1
Qd7 29. Nc2 Rec8 30. Nb4 Rc6 31. Qd5 Rbc8 32. Bf3 1/2-1/2

[Event "Druzynowe Mistrzostw Polski Juniorow - II Liga"]
[Site "Wroclaw"]
[Date "1899-12-30"]
[Round "10.97"]
[White "Wesolek, Krzysztof"]
[Black "Piechota, Kamil"]
[Result "1-0"]
[WhiteTitle "I"]
[BlackTitle "I"]
[WhiteElo "1747"]
[BlackElo "1728"]

1. e4 e5 2. Nf3 Nc6 3. Bc4 Nf6 4. d3 b6 5. c3 d6 6. Nbd2 g6 7. Nf1 Bg7 8. h3 a6
9. a4 O-O 10. Ng3 d5 11. exd5 Nxd5 12. O-O g5 13. Re1 Kh8 14. Nh5 g4 15. hxg4
Bxg4 16. Nxg7 Kxg7 17. Qd2 Bxf3 18. Qh6+ Kg8 19. gxf3 Re8 20. Kh1 Nde7 21. Rg1+
Ng6 22. Rxg6+ hxg6 23. Qxg6+ Kh8 24. Qh6+ Kg8 25. Be3 1-0

[Event "Druzynowe Mistrzostw Polski Juniorow - II Liga"]
[Site "Wroclaw"]
[Date "1899-12-30"]
[Round "10.98"]
[White "Zimny, Karol"]
[Black "Ostojski, Dawid"]
[Result "1/2-1/2"]
[WhiteTitle "II"]
[BlackTitle "II"]
[WhiteElo "1224"]
[BlackElo "1337"]

1. e4 c6 2. Nf3 d5 3. Nc3 Bg4 4. h3 Bxf3 5. Qxf3 e6 6. d4 dxe4 7. Qxe4 Nf6 8. Qd3
Nbd7 9. g3 Be7 10. Bg2 Qb6 11. O-O O-O 12. Be3 Nd5 13. Nxd5 cxd5 14. b3 Rac8 15.
Rfd1 Rfd8 16. c4 dxc4 17. bxc4 Ne5 18. dxe5 Rxd3 19. Bxb6 Rxd1+ 20. Rxd1 axb6
21. Rd7 Bb4 22. Rxb7 g6 23. Rxb6 Rxc4 24. Kh2 Bc3 25. f4 g5 26. Rc6 Rxc6 27. Bxc6
gxf4 28. gxf4 f6 29. exf6 Kf7 30. Kg3 Kxf6 31. Be4 h6 32. Kg4 Bd2 33. a4 e5 34.
f5 Bc3 35. Kh5 Bd2 36. Bd3 Kg7 37. Bc2 Bc3 1/2-1/2

[Event "Druzynowe Mistrzostw Polski Juniorow - II Liga"]
[Site "Wroclaw"]
[Date "1899-12-30"]
[Round "10.102"]
[White "Figa, Karolina"]
[Black "Podoba, Hanna"]
[Result "1/2-1/2"]
[WhiteTitle "I+"]
[BlackTitle "I"]
[WhiteElo "1352"]
[BlackElo "1101"]

1. d4 d5 2. c4 e6 3. Nc3 Nf6 4. cxd5 Nxd5 5. e4 Nxc3 6. bxc3 b6 7. Nf3 Bb7 8. Bd3
Nd7 9. O-O Rc8 10. Re1 Be7 11. h3 O-O 12. Rb1 c5 13. Bc2 cxd4 14. cxd4 Nf6 15.
Qd3 Qc7 16. Bb3 Bb4 17. Bd2 Bxd2 18. Nxd2 Qc3 19. Qxc3 Rxc3 20. e5 Nd5 21. Nc4
Nf4 22. f3 h5 23. Re3 Rxe3 24. Nxe3 Rd8 25. Rd1 Ne2+ 26. Kf2 Nxd4 27. Nc2 Nc6
28. Rxd8+ Nxd8 29. f4 Kf8 30. g3 Ke7 1/2-1/2

[Event "Druzynowe Mistrzostw Polski Juniorow - II Liga"]
[Site "Wroclaw"]
[Date "1899-12-30"]
[Round "11.1"]
[White "Madajczak, Piotr"]
[Black "Dziendziel, Mateusz"]
[Result "1-0"]
[WhiteTitle "I+"]
[BlackTitle "I"]
[WhiteElo "1925"]
[BlackElo "1884"]

1. c4 c6 2. d4 d5 3. Nf3 Nf6 4. e3 e6 5. Nbd2 Nbd7 6. Bd3 Bd6 7. O-O O-O 8. e4
dxe4 9. Nxe4 Nxe4 10. Bxe4 e5 11. Bc2 exd4 12. Qxd4 Be7 13. Rd1 Bf6 14. Qg4 Qe7
15. Bg5 Bxg5 16. Nxg5 h6 17. Nf3 Ne5 18. Qe4 Nxf3+ 19. Qxf3 Qg5 20. Rd4 Be6 21.
h4 Qe5 22. Rad1 Rfe8 23. b3 g6 24. h5 Qxh5 25. Qxh5 gxh5 26. f3 Kg7 27. Rh4 Rad8
28. Kf2 Rxd1 29. Bxd1 Rd8 30. Ke1 Kg6 31. f4 Bg4 32. Bxg4 hxg4 33. Rxg4+ Kf5 34.
Rh4 Rd6 35. Ke2 Ke4 36. g3 Rg6 37. Kf2 Rd6 38. Ke2 f5 39. Rh1 Rd3 40. Rh3 h5 41.
Ke1 a5 42. Rxh5 Rxg3 43. Rh7 Kxf4 44. Rxb7 Rg2 45. Rc7 Kf3 46. Rxc6 f4 47. Rf6
Rxa2 48. c5 Re2+ 49. Kd1 Re5 50. c6 Re7 51. Kd2 Ke4 52. Kc3 Ke5 53. Rh6 f3 54.
Kc4 Re6 55. c7 Re8 56. Kc5 f2 57. Rh1 Rf8 58. Kb6 Kd4 59. Kxa5 Kc5 60. Rc1+ Kd6
61. Kb6 Rc8 62. Rd1+ Kd5 1-0

[Event "Druzynowe Mistrzostw Polski Juniorow - II Liga"]
[Site "Wroclaw"]
[Date "1899-12-30"]
[Round "11.2"]
[White "Herwy, Jakub"]
[Black "Demski, Michal"]
[Result "1/2-1/2"]
[WhiteTitle "I++"]
[BlackTitle "I+"]
[WhiteElo "1905"]
[BlackElo "1737"]

1. e4 d5 2. exd5 Qxd5 3. Nc3 Qd8 4. d4 Nf6 5. Bf4 c6 6. Qd2 e6 7. Bd3 Nbd7 8. Nf3
Be7 9. O-O O-O 10. Rfe1 a6 11. Rad1 Qa5 12. Ne5 Bb4 13. a3 Bxc3 14. Qxc3 Qxc3
15. bxc3 Nd5 16. Nxd7 Bxd7 17. Bd2 c5 18. c4 Nf6 19. dxc5 Bc6 20. f3 Nd7 21. Be3
Rac8 22. Rd2 Ba4 23. Rb1 Bc6 24. Kf2 Rfd8 25. Rbd1 Re8 26. h4 Ba4 27. Rb1 Bc6
28. Rbd1 Ba4 29. Rb1 Bc6 30. Rbd1 Ba4 1/2-1/2

[Event "Druzynowe Mistrzostw Polski Juniorow - II Liga"]
[Site "Wroclaw"]
[Date "1899-12-30"]
[Round "11.3"]
[White "Grobelny, Mikolaj"]
[Black "Lecki, Leonard"]
[Result "0-1"]
[WhiteTitle "I"]
[BlackTitle "I"]
[WhiteElo "1504"]
[BlackElo "1612"]

1. e4 g6 2. d4 Bg7 3. f4 d6 4. Nf3 Nf6 5. Nc3 O-O 6. h3 c6 7. Be3 Nbd7 8. Qd2 b5
9. Bd3 Nb6 10. g4 Nc4 11. Bxc4 bxc4 12. f5 Rb8 13. b3 cxb3 14. axb3 d5 15. e5
Ne4 16. Nxe4 dxe4 17. Nh4 c5 18. Rxa7 cxd4 19. Qxd4 Qxd4 20. Bxd4 Rd8 21. Bb2
Bh6 22. Ra1 Bb7 23. Rg1 Be3 24. Rg2 Bg5 25. Kf1 Bxh4 26. fxg6 e3 27. gxh7+ Kxh7
28. Re2 Bf2 0-1

[Event "Druzynowe Mistrzostw Polski Juniorow - II Liga"]
[Site "Wroclaw"]
[Date "1899-12-30"]
[Round "11.4"]
[White "Radzimski, Antoni"]
[Black "Stogiera, Aleksander"]
[Result "1-0"]
[WhiteTitle "I"]
[BlackTitle "II"]
[WhiteElo "1627"]
[BlackElo "1092"]

1. e4 c5 2. Nc3 d6 3. g3 a6 4. Bg2 e6 5. d3 Nc6 6. f4 Bd7 7. Nf3 Nge7 8. O-O Qc7
9. Be3 f5 10. Re1 g6 11. d4 cxd4 12. Nxd4 Bg7 13. exf5 gxf5 14. Qh5+ Kf8 15. Nb3
Rg8 16. Rad1 Be8 17. Qe2 Rd8 18. Qf2 Nc8 19. Bd4 e5 20. fxe5 dxe5 21. Bc5+ N6e7
22. Nd5 Qb8 23. Qxf5+ Bf7 24. Rf1 1-0

[Event "Druzynowe Mistrzostw Polski Juniorow - II Liga"]
[Site "Wroclaw"]
[Date "1899-12-30"]
[Round "11.5"]
[White "Krzyzosiak, Anna"]
[Black "Obrochta, Lena"]
[Result "0-1"]
[WhiteTitle "I++"]
[BlackTitle "I++"]
[WhiteElo "1496"]
[BlackElo "1690"]

1. e4 c5 2. Nf3 e6 3. c4 Nc6 4. Nc3 Nge7 5. Be2 Nd4 6. Nxd4 cxd4 7. Nb5 Nc6 8.
e5 a6 9. Nd6+ Bxd6 10. exd6 Qa5 11. Qb3 O-O 12. Qg3 e5 13. O-O f5 14. d3 f4 15.
Qg4 Qc5 16. g3 Qxd6 17. gxf4 exf4 18. Kh1 Ne5 19. Qh4 f3 20. Bd1 Qg6 21. Rg1 Qxd3
22. Bb3 Ng6 23. Qg3 Kh8 24. h4 Qf5 25. Bd2 d6 26. Kh2 Bd7 27. Rac1 Rae8 28. Bg5
Ne5 29. Rce1 Ng4+ 30. Kh1 Nxf2+ 31. Qxf2 Qh3+ 32. Qh2 Rxe1 33. Rxe1 f2 0-1

[Event "Druzynowe Mistrzostw Polski Juniorow - II Liga"]
[Site "Wroclaw"]
[Date "1899-12-30"]
[Round "11.6"]
[White "Salamon, Julia"]
[Black "Rzadkowska, Kaja"]
[Result "1-0"]
[WhiteTitle "I++"]
[BlackTitle "I"]
[WhiteElo "1465"]
[BlackElo "1216"]

1. d4 d5 2. c4 e6 3. Nc3 c5 4. cxd5 exd5 5. Nf3 Nc6 6. dxc5 d4 7. Na4 Bf5 8. Bd2
Nf6 9. g3 Ne4 10. b4 b6 11. Rc1 Qd5 12. Qb3 Qxb3 13. axb3 b5 14. Nb2 Nxd2 15.
Kxd2 Be4 16. Nd3 g5 17. Rg1 g4 18. Nfe5 Bh6+ 19. e3 Nxe5 20. Nxe5 Rd8 21. Bxb5+
Ke7 22. Ke2 f5 23. Nc6+ Bxc6 24. Bxc6 dxe3 25. fxe3 Rc8 26. Ba4 Rc7 27. Rgd1 Rb8
28. Rc4 Rd8 29. Rcd4 Rcc8 30. Rd7+ Rxd7 31. Rxd7+ Kf6 32. Rxh7 Bg7 33. Bd7 Rb8
34. c6 Kg6 35. Rxg7+ Kxg7 36. c7 Rf8 37. b5 Kf6 38. c8=Q Rxc8 39. Bxc8 Ke5 40.
Kd3 Kf6 41. Kd4 Kg6 42. Ke5 Kg7 43. Bxf5 Kf7 44. b6 axb6 45. b4 Ke7 46. Bxg4 Kf8
47. h4 Kg7 48. h5 Kf7 49. Bf5 Kg7 50. Kf4 Kf6 51. g4 Kf7 52. g5 Kg8 53. g6 Kg7
54. Kg5 Kh8 55. h6 b5 56. g7+ Kg8 57. Be6+ Kh7 58. g8=Q# 1-0

[Event "Druzynowe Mistrzostw Polski Juniorow - II Liga"]
[Site "Wroclaw"]
[Date "1899-12-30"]
[Round "11.7"]
[White "Malik, Maciej"]
[Black "Bochniak, Franciszek"]
[Result "1/2-1/2"]
[WhiteTitle "I++"]
[BlackTitle "I+"]
[WhiteElo "1984"]
[BlackElo "1664"]

1. d4 Nf6 2. Nf3 e6 3. e3 b6 4. Bd3 Bb7 5. O-O d5 6. b3 Nbd7 7. Bb2 Be7 8. Ne5
O-O 9. Nd2 c5 10. f4 Rc8 11. c4 Ne4 12. cxd5 exd5 13. Rc1 Ndf6 14. Ndf3 Nd6 15.
dxc5 bxc5 16. Qe2 Nfe4 17. Ba6 f6 18. Bxb7 Nxb7 19. Nc4 Qd7 20. Rfd1 Qe6 21. Na3
Rfd8 22. Qb5 Ned6 23. Qd3 Nf5 24. Re1 c4 25. bxc4 dxc4 26. Qb1 Bb4 27. e4 Bxe1
28. exf5 Qb6+ 29. Bd4 Rxd4 30. Qxb6 axb6 31. Nxd4 Bd2 32. Rd1 c3 33. Nac2 Nc5
34. Rb1 Bxf4 35. Rxb6 Rd8 36. Rb4 Nd3 37. Rc4 Be5 38. Nc6 Ra8 39. Nxe5 Nxe5 40.
Rxc3 Rxa2 41. Rc8+ Kf7 42. Rc7+ Kg8 43. Rc8+ Kf7 44. Rc7+ Kg8 45. h3 Ra4 46. Rc8+
Kf7 47. Rc7+ Kg8 48. Ne3 Rd4 49. Kf2 Rd2+ 50. Kg3 Rd3 51. Kf2 Rd2+ 1/2-1/2

[Event "Druzynowe Mistrzostw Polski Juniorow - II Liga"]
[Site "Wroclaw"]
[Date "1899-12-30"]
[Round "11.8"]
[White "Merecki, Antoni"]
[Black "Kotowicz, Kamil"]
[Result "0-1"]
[WhiteTitle "II"]
[BlackTitle "I"]
[WhiteElo "1543"]
[BlackElo "1770"]

1. e4 c6 2. d4 d5 3. Nc3 dxe4 4. Nxe4 Nf6 5. Nxf6+ exf6 6. Bc4 Bd6 7. Qe2+ Qe7
8. Qxe7+ Kxe7 9. Be3 Be6 10. Bd3 Nd7 11. c4 c5 12. d5 Ne5 13. Be2 Bf5 14. O-O-O
Kd7 15. h3 Rhe8 16. Nf3 Ng6 17. g3 Bxg3 18. Bd3 Bxd3 19. Rxd3 Bf4 20. Kd2 Re4
21. b3 Rae8 22. Rg1 h5 23. a3 b6 24. Rc3 a5 25. Ne1 Be5 26. Rc2 f5 27. f3 Rxe3
28. Rxg6 fxg6 29. Kxe3 Bg3+ 30. Kd3 Rxe1 31. b4 Bf4 32. Rg2 g5 33. bxa5 Re3+ 34.
Kc2 Rxa3 0-1

[Event "Druzynowe Mistrzostw Polski Juniorow - II Liga"]
[Site "Wroclaw"]
[Date "1899-12-30"]
[Round "11.9"]
[White "Tim, Wojciech"]
[Black "Sliz, Karol"]
[Result "0-1"]
[WhiteTitle "II"]
[BlackTitle "II+"]
[WhiteElo "1300"]
[BlackElo "1615"]

1. Nf3 Nf6 2. b3 d5 3. Bb2 e6 4. e3 Be7 5. d4 O-O 6. Be2 Nbd7 7. Nbd2 b6 8. O-O
Bb7 9. Rc1 Rc8 10. c4 dxc4 11. Nxc4 Ne4 12. Nce5 Ndf6 13. Nd2 Nxd2 14. Qxd2 Qd6
15. Rfd1 Rfd8 16. Nc4 Qd7 17. Ne5 Qe8 18. Bf3 Bxf3 19. Nxf3 Qb5 20. Rc4 c5 21.
Qc2 Ne8 22. dxc5 Rxd1+ 23. Qxd1 Rxc5 24. Rxc5 Qxc5 25. Qd7 Kf8 26. Qd3 Bf6 27.
Bxf6 Qc1+ 28. Qf1 Qxf1+ 29. Kxf1 Nxf6 30. Nd4 a6 31. f3 Ke7 32. Nc6+ Kd6 33. Nb4
a5 34. Nd3 Nd5 35. Kf2 b5 36. Nc1 Kc5 37. Nd3+ Kd6 38. Nc1 e5 39. Ke2 f5 40. g3
e4 41. fxe4 fxe4 42. Kd2 b4 43. Ne2 g6 44. h3 Ne7 45. Nd4 Kd5 46. Ke2 Nc8 47.
Kd2 Nb6 48. Ke2 Nd7 49. Nc2 Kc5 50. Ne1 Ne5 51. h4 Kd5 52. Kd1 Nf7 53. Ke2 Nd6
54. g4 Ke5 55. Nc2 Nb5 56. Kd2 Kd5 57. Kc1 Kc5 58. Kb2 Nc7 59. Nd4 Nd5 60. Nc2
h6 61. g5 hxg5 62. hxg5 Kd6 63. a3 Ke5 64. Nd4 Nxe3 65. Nc6+ Kf5 66. axb4 axb4
67. Nxb4 Kxg5 68. Nc2 Nd5 69. Kc1 Kf4 70. Kd2 Kf3 71. b4 Kf2 72. b5 g5 73. Nd4
e3+ 74. Kd3 g4 75. Ne2 Nb4+ 76. Kc4 Kxe2 77. b6 Na6 78. Kb5 Nb8 79. b7 g3 80.
Kb6 g2 81. Kc7 g1=Q 82. Kxb8 Qg3+ 0-1

[Event "Druzynowe Mistrzostw Polski Juniorow - II Liga"]
[Site "Wroclaw"]
[Date "1899-12-30"]
[Round "11.10"]
[White "Lonski, Aleksander"]
[Black "Balon, Adam"]
[Result "1-0"]
[WhiteTitle "II"]
[BlackTitle "II"]
[WhiteElo "1517"]
[BlackElo "1179"]

1. e4 c6 2. d4 d5 3. exd5 cxd5 4. c4 Nf6 5. Nc3 Bg4 6. Qb3 dxc4 7. Bxc4 e6 8. Qxb7
Nbd7 9. Bf4 Nb6 10. Bc7 Qc8 11. Bb5+ Nfd7 12. Ba6 Be7 13. Qxc8+ Rxc8 14. Bxc8
Nxc8 15. Nge2 O-O 16. Ng3 Ncb6 17. f3 Bf5 18. Nxf5 exf5 19. Kf2 Nc4 20. Nd5 Bg5
21. h4 Bh6 22. Ne7+ Kh8 23. Nxf5 Bd2 24. b3 Nb2 25. Rab1 Bc3 26. Ba5 Nd3+ 27.
Ke3 Bxa5 28. Kxd3 Rd8 29. Nd6 Kg8 30. Rbc1 Nb6 31. Nb7 Rd5 32. Rc5 Bb4 33. Rxd5
Nxd5 34. Kc4 Nb6+ 35. Kxb4 Kf8 36. Re1 g6 37. Kc5 Kg7 38. d5 Nxd5 39. Kxd5 h5
40. Nd6 f5 41. Re7+ Kh6 42. Ke6 g5 43. Kf6 g4 44. Nxf5# 1-0

[Event "Druzynowe Mistrzostw Polski Juniorow - II Liga"]
[Site "Wroclaw"]
[Date "1899-12-30"]
[Round "11.11"]
[White "Tim, Anna"]
[Black "Grzesik, Nikola"]
[Result "1/2-1/2"]
[WhiteTitle "I"]
[BlackTitle "I"]
[WhiteElo "1159"]
[BlackElo "1452"]

1. d4 Nf6 2. Bf4 e6 3. e3 b6 4. Nd2 Bb7 5. Ngf3 d5 6. c3 Bd6 7. Bg3 O-O 8. Bd3
c5 9. Ne5 c4 10. Bc2 b5 11. a3 a5 12. O-O Be7 13. Re1 Nbd7 14. Nxd7 Nxd7 15. Nf3
Nb6 16. Ne5 Bf6 17. Qe2 Nd7 18. Nxd7 Qxd7 19. Reb1 Ba6 20. e4 g6 21. Qf3 Bg7 22.
exd5 exd5 23. Re1 Rfe8 24. Kf1 Bb7 25. Rxe8+ Rxe8 26. Re1 Rxe1+ 27. Kxe1 Qe7+
28. Qe2 Qxe2+ 29. Kxe2 Bh6 30. Kd1 a4 31. f3 Bc8 32. Be1 Bf5 33. Bxf5 gxf5 34.
Bd2 Bf8 35. f4 h5 36. h4 Be7 37. g3 Kf8 38. Ke2 Ke8 39. Kf3 Kd7 40. Bc1 Kc6 41.
Ke2 Kb6 42. Kd1 Ka5 43. Kc2 Bd6 1/2-1/2

[Event "Druzynowe Mistrzostw Polski Juniorow - II Liga"]
[Site "Wroclaw"]
[Date "1899-12-30"]
[Round "11.12"]
[White "Sliwicka, Weronika"]
[Black "Nieckarz, Maja"]
[Result "0-1"]
[WhiteTitle "I"]
[BlackTitle "I"]
[WhiteElo "1281"]
[BlackElo "1432"]

1. e4 c5 2. Nf3 d6 3. d4 cxd4 4. Nxd4 Nf6 5. Nc3 g6 6. Be2 Bg7 7. O-O Nc6 8. Nb3
O-O 9. Bg5 a5 10. a4 Be6 11. Re1 Bxb3 12. cxb3 Nd7 13. Rb1 Nc5 14. Bc4 h6 15.
Bh4 Rc8 16. Nb5 Nb4 17. Nd4 Bxd4 18. Qxd4 Nc2 19. Qd2 Nxe1 20. Qxh6 d5 21. Bxd5
Qb6 22. Rxe1 Nd3 23. Rf1 Rc7 24. Bg3 Rc2 25. Bc4 Rxc4 26. bxc4 Qxb2 27. Qe3 Ne5
28. Qc1 Qd4 29. Rd1 Qxe4 30. Re1 Nd3 31. Rxe4 Nxc1 32. Rxe7 Rc8 33. Rc7 Ne2+ 34.
Kf1 Nxg3+ 35. hxg3 Rxc7 0-1

[Event "Druzynowe Mistrzostw Polski Juniorow - II Liga"]
[Site "Wroclaw"]
[Date "1899-12-30"]
[Round "11.13"]
[White "Wnek, Filip"]
[Black "Czernecki, Andrzej"]
[Result "1-0"]
[WhiteTitle "I++"]
[BlackTitle "I"]
[WhiteElo "2032"]
[BlackElo "1876"]

1. e4 c5 2. Nf3 Nc6 3. d4 cxd4 4. Nxd4 Nf6 5. Nc3 d6 6. Be2 e5 7. Nf3 Be7 8. O-O
O-O 9. h3 Be6 10. Bg5 Rc8 11. Qd2 h6 12. Bxf6 Bxf6 13. Rfd1 Qb6 14. Nb5 a6 15.
Nc3 Rfd8 16. Nd5 Bxd5 17. exd5 Nd4 18. c3 Nxf3+ 19. Bxf3 a5 20. Rab1 Qc7 21. Bg4
Ra8 22. Qc2 Ra7 23. b4 Rda8 24. a4 b6 25. Rb3 Bd8 26. Be2 axb4 27. Rxb4 Ra5 28.
Bb5 Qe7 29. Bc6 R8a7 30. Qf5 Qf6 31. Qc8 Kh7 32. Rd3 Qe7 33. h4 Rc5 34. h5 Qg5
35. Rg3 Qc1+ 36. Kh2 Bg5 37. Rxb6 Rxc3 38. Rb8 1-0

[Event "Druzynowe Mistrzostw Polski Juniorow - II Liga"]
[Site "Wroclaw"]
[Date "1899-12-30"]
[Round "11.14"]
[White "Malek, Szymon"]
[Black "Rainer, Piotr"]
[Result "1-0"]
[WhiteTitle "II+"]
[BlackTitle "I"]
[WhiteElo "1543"]
[BlackElo "1709"]

1. e4 c5 2. Nf3 Nc6 3. d4 cxd4 4. Nxd4 e5 5. Nb5 d6 6. c4 Be7 7. N1c3 a6 8. Na3
Nf6 9. Nc2 O-O 10. Be2 Be6 11. O-O Nd7 12. b3 f5 13. exf5 Bxf5 14. Be3 Nf6 15.
f4 exf4 16. Rxf4 Bg6 17. Nd4 Qd7 18. Nf3 Ng4 19. Rxf8+ Rxf8 20. Bg5 Bxg5 21. Nxg5
Nce5 22. Nf3 Qc7 23. Qd4 Nxf3+ 24. Bxf3 Ne5 25. Be4 Bxe4 26. Nxe4 Rd8 27. Rd1
Nf7 28. Qd5 h6 29. Rf1 Rf8 30. h3 Rd8 31. c5 Rd7 32. Nxd6 Qc6 33. Qc4 b5 34. Qd4
Nxd6 35. Rd1 Kh8 36. cxd6 Qc2 37. Rd2 Qc1+ 38. Kh2 Qe1 39. Rd3 Qe6 40. Qd5 Qxd5
41. Rxd5 Kg8 42. Kg3 Kf7 43. Kf4 Ke6 44. Rd2 g6 45. h4 Rf7+ 46. Ke4 Rd7 47. g4
Rxd6 48. Rc2 Rd1 49. Rc6+ Rd6 50. Rc8 Kf6 51. Rh8 Kg7 52. Ra8 Kf6 53. Ra7 Rb6
54. Rh7 Re6+ 55. Kf3 Re1 56. Ra7 Re6 57. a4 bxa4 58. bxa4 Rb6 59. a5 Re6 60. Rb7
Ke5 61. Rd7 Rd6 62. Rh7 Kf6 63. Rb7 Ke5 64. Ke3 Rd5 65. Rb6 Rd6 66. Rb7 Rd5 67.
Rb6 Rd6 68. Rxd6 Kxd6 69. Kd4 Kc6 70. Ke5 Kb5 71. Kf6 Kxa5 72. Kxg6 Kb5 73. Kxh6
a5 74. g5 a4 75. g6 a3 76. g7 a2 77. g8=Q a1=Q 78. Qg7 Qh1 79. Qf6 Kc5 80. h5
Qb7 81. Kg6 Qb8 82. Qc3+ Kd5 83. Qd3+ Ke6 84. Qe4+ Kd7 85. Qd5+ 1-0

[Event "Druzynowe Mistrzostw Polski Juniorow - II Liga"]
[Site "Wroclaw"]
[Date "1899-12-30"]
[Round "11.15"]
[White "Micula, Jakub"]
[Black "Wandor, Adam"]
[Result "0-1"]
[WhiteTitle "I"]
[BlackTitle "II"]
[WhiteElo "1623"]
[BlackElo "1571"]

1. e4 e6 2. d4 d5 3. Nd2 Nf6 4. e5 Nfd7 5. Ngf3 c5 6. c3 Nc6 7. Bd3 Be7 8. O-O
g5 9. dxc5 Nxc5 10. Bb5 h5 11. Nd4 Bd7 12. Nxc6 bxc6 13. Be2 g4 14. f3 Qc7 15.
fxg4 hxg4 16. Bxg4 Qxe5 17. Nf3 Qc7 18. Qd4 O-O-O 19. Bf4 Bd6 20. Bxd6 Qxd6 21.
b4 Ne4 22. Qxa7 Rdg8 23. Qd4 f5 24. Ne5 fxg4 25. Rf7 Rh5 26. Nxd7 Qxh2+ 27. Kf1
Qh1+ 28. Qg1 Qxg1+ 29. Kxg1 Rgh8 30. Nb6+ Kd8 31. Kf1 Rh1+ 32. Ke2 Rxa1 33. Ra7
Rh2 34. Ra8+ Kc7 0-1

[Event "Druzynowe Mistrzostw Polski Juniorow - II Liga"]
[Site "Wroclaw"]
[Date "1899-12-30"]
[Round "11.16"]
[White "Osinski, Maksymilian"]
[Black "Kozak, Karol"]
[Result "1/2-1/2"]
[WhiteTitle "II"]
[BlackTitle "I"]
[WhiteElo "1329"]
[BlackElo "1490"]

1. e4 c5 2. Nf3 d6 3. d4 cxd4 4. Nxd4 Nf6 5. Nc3 a6 6. Be2 e5 7. Nf3 Be7 8. Bg5
h6 9. Bxf6 Bxf6 10. O-O Be6 11. Nd5 Nd7 12. Bc4 O-O 13. Qe2 Rc8 14. Rfd1 Nc5 15.
a4 Bxd5 16. Rxd5 Qc7 17. b3 Rfd8 18. g3 Nxa4 19. Rxa4 b5 20. Rxa6 bxc4 21. bxc4
Qxc4 22. Qxc4 Rxc4 23. Raxd6 Rxd6 24. Rxd6 Rxc2 25. Rd5 Rc4 26. Nxe5 Rxe4 27.
Nd7 Re6 28. Nxf6+ Rxf6 29. Kg2 Kh7 30. Rc5 Kg6 31. Rd5 Ra6 32. Rc5 f5 33. Rc7
Rf6 34. Rc4 Kh5 35. Rh4+ Kg6 36. Rc4 Kg5 37. h4+ Kh5 38. Rc7 g5 39. hxg5 hxg5
40. Rh7+ Kg6 41. Rd7 Ra6 42. Rc7 1/2-1/2

[Event "Druzynowe Mistrzostw Polski Juniorow - II Liga"]
[Site "Wroclaw"]
[Date "1899-12-30"]
[Round "11.17"]
[White "Gaczol, Julia"]
[Black "Egeman, Emilia"]
[Result "0-1"]
[WhiteTitle "I+"]
[BlackTitle "I++"]
[WhiteElo "1490"]
[BlackElo "1852"]

1. e4 c5 2. Nf3 d6 3. d4 cxd4 4. Nxd4 Nf6 5. Nc3 a6 6. f4 e5 7. Nf3 Qc7 8. Bd3
Bg4 9. O-O Be7 10. h3 Bxf3 11. Rxf3 Nc6 12. g4 Nd4 13. Rf2 Qd8 14. fxe5 dxe5 15.
g5 Nd7 16. Bc4 O-O 17. Qh5 Ne6 18. Bxe6 fxe6 19. Rxf8+ Qxf8 20. Be3 Bc5 21. Qe2
Qf4 22. Bxc5 Qxg5+ 23. Kh1 Nxc5 24. Rf1 b5 25. Qf2 Qe7 26. a3 Nd7 27. Qg3 Rf8
28. Rxf8+ Qxf8 29. Kg2 Qf4 30. Qg4 Qd2+ 31. Kg3 Qd6 32. Qd1 Qe7 33. Qe2 Nf6 34.
Na2 Qe8 35. Nc3 Qg6+ 36. Kf2 Nh5 37. Qg4 Qf6+ 38. Ke3 Qh6+ 39. Kf3 Nf4 40. Kg3
Qf6 41. Ne2 Nxe2+ 42. Qxe2 Qf4+ 43. Kg2 Qg5+ 44. Kf2 Qh4+ 45. Kg2 Qf4 46. Qd3
Qg5+ 47. Kf2 Qe7 48. a4 Qa7+ 49. Kf3 Qb7 50. Qd6 Qf7+ 51. Kg2 Qg6+ 52. Kf2 Qf6+
53. Kg2 Qg5+ 54. Kf2 Qf4+ 55. Kg1 Qg3+ 56. Kf1 Qxh3+ 57. Ke2 Qg2+ 58. Ke3 Qg1+
59. Ke2 Qg4+ 60. Ke3 Qf4+ 61. Kd3 Qf3+ 62. Kd2 Qf2+ 63. Kd3 Qd4+ 64. Qxd4 exd4
65. Kxd4 h5 66. c4 bxc4 67. Kxc4 h4 68. b4 h3 69. Kc5 h2 70. Kb6 h1=Q 71. Kxa6
Qxe4 72. Ka5 g5 73. b5 Qa8+ 74. Kb4 g4 0-1

[Event "Druzynowe Mistrzostw Polski Juniorow - II Liga"]
[Site "Wroclaw"]
[Date "1899-12-30"]
[Round "11.18"]
[White "Kaminska, Zuzanna"]
[Black "Nowak, Emilia"]
[Result "1-0"]
[WhiteTitle "I"]
[BlackTitle "I"]
[WhiteElo "1201"]
[BlackElo "1279"]

1. e4 e5 2. Nf3 Nc6 3. Bc4 Nf6 4. d3 Bc5 5. Nc3 h6 6. h3 a6 7. Be3 d6 8. a3 Nd4
9. Bxd4 Bxd4 10. Nxd4 exd4 11. Ne2 c5 12. Qd2 b5 13. Ba2 Bb7 14. Ng3 Qc7 15. Nf5
O-O 16. Qf4 Rad8 17. Qg3 Ne8 18. Nxh6+ Kh8 19. Nf5 c4 20. Qh4+ Kg8 21. Ne7+ 1-0

[Event "Druzynowe Mistrzostw Polski Juniorow - II Liga"]
[Site "Wroclaw"]
[Date "1899-12-30"]
[Round "11.19"]
[White "Paprocki, Antoni"]
[Black "Malinowski, Szymon"]
[Result "1-0"]
[WhiteTitle "I++"]
[BlackTitle "I"]
[WhiteElo "1981"]
[BlackElo "1824"]

1. e4 c6 2. Nf3 d5 3. Nc3 Bg4 4. h3 Bh5 5. exd5 cxd5 6. g4 Bg6 7. Ne5 Nc6 8. d4
e6 9. h4 f6 10. Nxc6 bxc6 11. h5 Bf7 12. Bf4 Bd6 13. Bxd6 Qxd6 14. Qd2 Rb8 15.
O-O-O Qb4 16. b3 Qa3+ 17. Kb1 Ne7 18. Bd3 O-O 19. h6 g6 20. Qf4 Nf5 21. gxf5 exf5
22. Rhg1 Kh8 23. Rde1 Rb7 24. Qc1 Qb4 25. Ne2 a5 26. c3 Qd6 27. Ka1 Rfb8 28. Bc2
c5 29. dxc5 Qxc5 30. Qe3 Qxe3 31. fxe3 Re7 32. Nd4 Rbe8 33. Rd1 Rxe3 34. Kb2 f4
35. Rgf1 g5 36. Nf5 R3e5 37. Nd6 R8e7 38. Nxf7+ Rxf7 39. c4 Rd7 40. Rd4 a4 41.
b4 a3+ 42. Kxa3 Ra7+ 43. Kb2 1-0

[Event "Druzynowe Mistrzostw Polski Juniorow - II Liga"]
[Site "Wroclaw"]
[Date "1899-12-30"]
[Round "11.20"]
[White "Trzebinski, Patryk"]
[Black "Herka, Jakub"]
[Result "1-0"]
[WhiteTitle "I++"]
[BlackTitle "I"]
[WhiteElo "1782"]
[BlackElo "1433"]

1. e4 c5 2. Nf3 d6 3. d4 cxd4 4. Qxd4 Nf6 5. Bg5 Nc6 6. Bb5 Bd7 7. Bxc6 Bxc6 8.
Nc3 e6 9. O-O-O Be7 10. Qd3 O-O 11. Nd4 Qa5 12. f4 Rac8 13. Kb1 Bd7 14. h4 Rfe8
15. Nb3 Qb4 16. e5 Ng4 17. Bxe7 Rxe7 18. Qxd6 Qxd6 19. Rxd6 Bc6 20. Rd2 b6 21.
Nd4 Ba8 22. Ndb5 Ne3 23. Nd6 Rd8 24. Rg1 f6 25. Re2 Ng4 26. exf6 gxf6 27. Nde4
Kf7 28. Kc1 h6 29. g3 Red7 30. Rd2 f5 31. Rxd7+ Rxd7 32. Nd2 Kf6 33. Nc4 Bb7 34.
Re1 Ba6 35. Ne5 Nxe5 36. Rxe5 Bc4 37. b3 Ba6 38. Nd1 Rg7 39. Re3 Rd7 40. Nf2 Rc7
41. Nd3 Bxd3 42. Rxd3 Rg7 43. Kd2 Rc7 44. c4 Rg7 45. a4 a5 46. Kc3 Rg8 47. b4
axb4+ 48. Kxb4 Ke7 49. Kb5 Ra8 50. Kxb6 Rxa4 51. c5 Rb4+ 52. Kc7 Rc4 53. c6 Rc1
54. Kb7 Rb1+ 55. Kc8 Rc1 56. c7 Rc2 57. Rb3 Kd6 58. Kb8 1-0